000
00328nam a2200133Ia 4500
008
240624s9999 xx 000 0 und d
041
_a
eng
082
_a
823 MAR
100
_a
MARTIN GEORGE R R
245
_a
DANCE WITH DRAGONS
260
_c
2011
_a
New Delhi
_b
HarperCollins
300
_a
1016 : p. : cm. ; 21
365
_c
RS
_b
25
999
_c
18470
_d
18470